| 000 | 00698nam a2200229 a 4500 | ||
|---|---|---|---|
| 001 | BRCA_2618 | ||
| 005 | 20190320203907.0 | ||
| 008 | 281108s1925----gw-a---###---#000-0#ger-u | ||
| 050 | 4 |
_aND653 _b.F75 1925 |
|
| 100 | 1 |
_aFriedländer, Max J. _97466 |
|
| 245 | 1 | 0 |
_aLucas van Leyden _cvon Max J. Friedländer. |
| 260 |
_aLeipzig, Alemania _bKlinkhardt & Biermann _c1925 |
||
| 300 |
_avii, 43 p. _bil., 82 láminas _c32 cm. |
||
| 440 | 0 |
_aMeister der Graphik _v13 _97467 |
|
| 500 | _aIncluye índice de grabados | ||
| 500 | _aA76 | ||
| 600 | 1 | 4 |
_aLeyden, Lucas van _d1494-1533 _97468 |
| 650 | 1 | 4 |
_aGrabadores holandeses _97366 |
| 650 | 1 | 4 |
_aPintores holandeses _97469 |
| 902 | _aGFM | ||
| 942 |
_2lcc _cB |
||
| 999 |
_c2358 _d2358 |
||